000 00754nam a22002177a 4500
003 OSt
005 20251128165348.0
008 251128b |||||||| |||| 00| 0 eng d
020 _a978-981-4314-38-1.
040 _aDWC-Main Lib.
_cOC
082 _2Philippine ed.
_aCirc. 519.5 P131S 2010
100 _aPagano, Robert R.
245 _aStatistics for the behavioral science/
_cRobert R. Pagano
250 _aPhilippine ed.
260 _aPasig City :
_bCengage Learning Asia Pte Ltd. (Philippine Branch),
_cc2010.
300 _a632 p. :
_bill. ;
_c23 cm.
500 _aIncludes bibliographical references & index.
650 _a1. Psychology-Statistical methods-Textbooks.
650 _a2. Psychometrics-Textbooks.
942 _2ddc
_cBK-CIRC
_kCirc.
_n0
999 _c6579
_d6579